Countries ending with "ia" - Statistics

General Stats
  • This quiz has been taken 56 times
  • The average score is 24 of 38
Answer Stats
Answer % Correct
Algeria
89%
Albania
87%
India
80%
Indonesia
78%
Slovakia
78%
Australia
76%
Russia
76%
Slovenia
76%
Armenia
73%
Austria
73%
Estonia
73%
Nigeria
73%
Latvia
71%
Lithuania
71%
Serbia
71%
Zambia
71%
Colombia
67%
Croatia
67%
Romania
67%
Namibia
64%
Tanzania
64%
Tunisia
64%
Bulgaria
62%
Bolivia
60%
Gambia
58%
Liberia
58%
Saudi Arabia
56%
Mongolia
53%
North Macedonia
53%
Syria
53%
Georgia
51%
Cambodia
49%
Ethiopia
49%
Somalia
49%
Malaysia
47%
Mauritania
47%
St Lucia
38%
Micronesia
33%
No matching quizzes found
Score Distribution
Percent of People with Each Score
Percentile by Number Answered
Your Score History
You have not taken this quiz